Grootste Nederlandse steden per letter - Statistieken

Algemene statistieken
  • Deze quiz is 115 keer genomen
    69 sinds de laatste reset
  • De gemiddelde score is 14 van 25
Antwoordstatistieken
Letter Inwoners Stad % Correct
A 741.636 Amsterdam
100%
R 598.199 Rotterdam
91%
E 209.620 Eindhoven
89%
B 167.673 Breda
87%
G 181.194 Groningen
87%
M 122.378 Maastricht
87%
H 147.590 Haarlem
85%
U 290.529 Utrecht
83%
T 474.292 Den Haag
81%
D 149.782 Dordrecht
74%
L 119.713 Leiden
74%
N 158.732 Nijmegen
72%
V 92.403 Venlo
54%
F 12.996 Franeker
48%
S 134.520 's-Hertogenbosch
46%
O 76.430 Oss
43%
P 76.745 Purmerend
39%
C 65.255 Capelle aan den IJssel
33%
Z 140.085 Zaanstad
33%
K 49.777 Kerkrade
30%
J 12.902 Joure
19%
Y 7.140 Yerseke
19%
I 33.886 IJsselstein
15%
W 48.662 Weert
13%
Q 3.970 Quirijnstok
0%
Geen overeenkomende quizzen gevonden
Scoreverdeling
Procent van Mensen met Elke Score
Percentiel versus Aantal Correcte Antwoorden
Uw Scoregeschiedenis
U heeft deze quiz nog niet genomen sinds de laatste reset